| 000 | 00385nam a2200145Ia 4500 | ||
|---|---|---|---|
| 008 | 221030s9999 xx 000 0 und d | ||
| 041 | _aEnglish | ||
| 082 |
_a105.23 _bGup |
||
| 100 | _aJ. B. Gupta | ||
| 245 | 0 | _aCourse in Electronic & Electrical Measurement & Instrumentation | |
| 260 |
_bS. K. Kataria & Sons _aNew Delhi _c1998 |
||
| 300 | _a1207 | ||
| 650 | _aECE & EE | ||
| 942 | _cBK | ||
| 999 |
_c1391 _d1391 |
||